Sport Nautique - Statistiques

Statistiques générales
  • Ce quiz a été pris 42 fois
    33 depuis la dernière actualisation
  • Le résultat moyen est 9 sur 23
Statistiques - réponses
Reponse % Correct
Natation
90%
Surf
77%
Voile
71%
Kayak
68%
Waterpolo
68%
Planche à voile
61%
Canoë
58%
Kitesurf
52%
Aviron
48%
Paddle
48%
Plongeon
48%
Ski nautique
45%
Natation synchronisée
39%
Apnée
35%
Triathlon
26%
Aquagym
16%
Canyoning
13%
Rafting
13%
Hockey subaquatique
6%
Aquaball
3%
Flyboard
3%
Marche aquatiqueLonge côte
0%
Rugby aquatique
0%
Aucun quiz correspondant
Distribution des résultats
% des personnes avec chaque résultat
Percentile par nombre de réponses
Votre historique - résultats
Vous n’avez pas pris ce quiz depuis la dernière actualisation